El espíritu misionero

Guardat en:
Dades bibliogràfiques
Autors principals: Michonneau, Georges (autor), Chéry, R. P (Autor)
Format: Llibre
Idioma:espanyol
Publicat: Buenos Aires Desclée de Brouwer 1952
Matèries:
Etiquetes: Afegir etiqueta
Sense etiquetes, Sigues el primer a etiquetar aquest registre!

MARC

LEADER 00000nam a2200000 a 4500
001 UCR1779
003 CL-VaPUC
008 971219e19520000AG |||||||||||||||||spa|d
082 0 4 |a 266  |b MIC  |2 21 
100 |a Michonneau, Georges  |e autor  |9 582539 
700 0 |a Chéry, R. P  |e author  |9 399252 
245 1 3 |a El espíritu misionero 
300 |a 159 p 
942 |c BK 
945 |d 19971219 00:00:00  |a jquezada 
260 |a Buenos Aires  |b Desclée de Brouwer  |c 1952 
650 7 |a MISIONES  |2 CL-VaPUC  |9 269280 
650 7 |a ESPIRITU MISIONERO  |2 CL-VaPUC  |9 399253 
650 0 |a Espiritualidad   |9 267331 
650 0 |a Vocación sacerdotal  |9 392453 
650 0 |a Cristianismo  |9 257361 
583 |a last modification  |c 19971219 00:00:00  |k Rodrigo Vera 
999 |c 265144  |d 265142 
952 |0 0  |1 0  |4 0  |6 266_000000000000000_MIC_1952  |7 0  |8 A  |9 295960  |a BIBTEO  |b BIBTEO  |d 2019-11-20  |i 3384160  |o 266 MIC 1952  |p 3384160  |r 2025-01-17  |w 2019-11-20  |y BK  |k ICR